| 000 | 00808cam a2200217 4500 | ||
|---|---|---|---|
| 001 | WB3823-10 | ||
| 008 | 020626n2002 000 0 eng u | ||
| 035 | _a(Sirsi) u118541 | ||
| 245 | _aStudy backs PPG6 purge | ||
| 260 | _c2002 | ||
| 490 |
_aProperty Week _v67(24) 21 June 2002, 7(1) |
||
| 520 | _aResearch by Cardiff University for out-of-town shopping lobby group, Accessible Retailing, shows that government is preventing prospective retailers from expanding by clamping down on out-of-town retailing. | ||
| 590 | _aWB | ||
| 650 | _aOUT-OF-TOWN RETAILING | ||
| 650 | _aOUT-OF-TOWN SHOPPING CENTRES | ||
| 650 | _aPLANNING POLICY GUIDANCE NOTE SIX | ||
| 650 | _aPLANNING POLICY GUIDANCE | ||
| 650 | _aGOVERNMENT POLICY | ||
| 690 | _aPROPERTY-COMMERCIAL PROPERTY-RETAIL PROPERTY | ||
| 942 | _n0 | ||
| 999 |
_c70585 _d70585 |
||